Loading...
| Literature - European Literature | 0 | 5 | 0 | 1 | 50 | 51 | 95.80 | 3 | 5 |
| Philosophy | 0 | 5 | 1 | 0 | 45 | 71 | 84.60 | 2 | 5 |
| Mythology | 0 | 4 | 0 | 0 | 40 | 84 | 105.25 | 1 | 4 |
| Social Science | 0 | 3 | 0 | 0 | 30 | 61 | 80.33 | 2 | 3 |
| Fine Arts - Painting and Sculpture | 0 | 3 | 1 | 0 | 25 | 61 | 77.00 | 2 | 3 |
| Literature - British Literature | 0 | 3 | 1 | 0 | 25 | 88 | 110.33 | 1 | 3 |
| Fine Arts - Classical Music | 0 | 2 | 0 | 0 | 20 | 101 | 116.50 | 0 | 2 |
| Literature - American Literature | 0 | 2 | 0 | 0 | 20 | 70 | 74.50 | 1 | 2 |
| Science - Biology | 0 | 2 | 0 | 0 | 20 | 63 | 72.00 | 2 | 2 |
| Literature - World Literature | 0 | 2 | 1 | 0 | 15 | 63 | 74.00 | 2 | 2 |
| Science - Other Science | 0 | 2 | 1 | 0 | 15 | 73 | 73.00 | 0 | 2 |
| History - World History | 0 | 1 | 0 | 0 | 10 | 60 | 60.00 | 1 | 1 |
| Pop Culture | 0 | 1 | 0 | 0 | 10 | 79 | 79.00 | 1 | 1 |
| History - European History | 0 | 1 | 1 | 0 | 5 | 75 | 75.00 | 0 | 1 |
| Fine Arts - Other Fine Arts | 0 | 1 | 1 | 0 | 5 | 120 | 120.00 | 1 | 1 |
| Religion | 0 | 0 | 1 | 0 | -5 | 0.00 | 0 | 0 | |
| History - Other History | 0 | 0 | 2 | 0 | -10 | 0.00 | 0 | 0 |